000 00325nam a2200133Ia 4500
005 20251222140058.0
008 251222s1900||||xx |||||||||||||| ||spa||
020 _a8816402105
082 _a215.1/J17
100 _aStanley L. Jaki
245 0 _aLa Strada della Scienza e le Vie Verso Dio
264 _bJaca Book
942 _cLIB
999 _c3820
_d3820